Statystyki dla Fikcyjne ptaki

Kliknij tutaj aby rozwiązać quiz!

Ogólne statystyki

  • Ten quiz został rozwiązany 43 razy
  • Średni wynik to 5 z 18

Statystyki odpowiedzi

WskazówkaPtak% Poprawnych
Mityczny ptak, który wznosi się z
własnych popiołów
Feniks
79%
Wile E. Coyote próbuje go złapaćStruś Pędziwiatr
71%
Najbogatsza kaczka w DuckburguSknerus McKwacz
58%
Wujek Huey'a, Dewey'ego i Louie'goKaczor Donald
55%
Sowa Harry'ego Potter'aHedwig
39%
Psotny pingwin (plastelinowa animacja)Pingu
32%
Ptak z "Ulicy Sezamkowej"Wielki Ptak
32%
Powiedział, że zobaczył pulchny tatuażTweety
21%
Temat wiersza PoegoKruk
18%
Ptak pirata, który chce krakersaPolly
18%
Uważa, że każdy jest „nikczemny”Kaczor Daffy
16%
Animowany ptak
z charakterystycznym śmiechem
Woody Woodpecker
13%
Mówię, mówię, on jest wielkim kogutem
"Looney Tunes"
Kurak Leghorn
5%
Powiedział, że niebo spadaKurczak Mały
5%
Papuga z „Alladyna”Iago
3%
Maskotka Froot LoopsToucan Sam
3%
Przyjaciel Snoopy'egoWoodstock
3%
Pingwin przyjaciel Hello KittyTuxedo Sam
0%

Rozkład punktacji

Percentyl według liczby udzielonych odpowiedzi

Procent ludzi z każdym wynikiem

Twoja historia wyników

Nie rozwiązałeś tego quizu